000
00239 a2200097 4500
001
57588
100
_a
245
_a
Quran on creation and expansion of the universe
260
_a
Lahore
_b
Minhaj ul Quran
_c
090
_c
35323
_d
35323
942
_a
NUST-CAE
_c
MONOGRAPH
_c
28140
999
_c
292661
_d
292661